Rock 'n' Roll music - Statistics

General Stats
  • This quiz has been taken 1,293 times
  • The average score is 8 of 16
Answer Stats
Song Band % Correct
Highway to Hell AC/DC
98%
Sweet Child o' Mine Guns 'n' Roses
96%
Crazy Train Ozzy Osbourne
81%
You Give Love a Bad Name Bon Jovi
80%
Paranoid Black Sabbath
78%
Born in the USA Bruce Springsteen
77%
The Final Countdown Europe
73%
Seek and Destroy Metallica
54%
Born to be Wild Steppenwolf
48%
I Wanna Rock Twisted Sister
48%
When I Come Around Green Day
45%
Common People Pulp
17%
Run Foo Fighters
4%
Melancholy Kaleidoscope All Time Low
3%
Let's Hear it for Rock Bottom The Offspring
3%
Dirt Break Blossom
0%
No matching quizzes found
Score Distribution
Percent of People with Each Score
Percentile by Number Answered
Your Score History
You have not taken this quiz